000 01221cam a22002054a 4500
005 20250605164055.0
008 250528s ||||||||||||||||||||||||d
035 _a17429
020 _a333236114
040 _aGR-AtMCL
_bgre
_dGR-AtMCL
_eAACR2
245 1 _aThe Politics of Information / Problems of Policy in Modern Media
250 _a1st
260 _bThe Macmillan Press,
_c1978
300 _a252
520 _aA series of recent articles all of which are designed to point up the political implications of decisions made in the communications field. Acknowledgements, Introduction, Broadcasting, Television as a Machine of Social Regulation, The Finance of Television, Social Accountability and Television, Management and Creativity in Television, Television Coverage of Northern Ireland, Community Conflict and the Media, The Press, State Intervention and the Management of the Press, Technology and Distribution and Editorial Control: Their Interactions in the Evolution of Journalism, A Telecommunications Future, Needs and Wants and Demands and Luxuries and Scarce Natural Resources, Notes and Reference, Index.
700 1 _aSmith Anthony
_93176
942 _cBK
999 _c2850
_d2850